| 000 | 01068ctm a22002291a 4500 | ||
|---|---|---|---|
| 003 | SA-RiAUC | ||
| 005 | 20241026092051.0 | ||
| 008 | 241025s2000 le f 00000dara c | ||
| 040 |
_aSA-JeALM _bara _cSA-RiAUC _erda |
||
| 082 | 0 | 4 |
_a258.4 _qSA-RiAUC |
| 090 |
_a258.4 _bا ب ن د |
||
| 100 | 1 |
_aابن دهيش، عبد الملك بن عبد الله، _d1360 هجري- |
|
| 245 | 1 | 2 |
_aالمنهج الفقهي العام لعلماء الحنابلة ومصطلحاتهم في مؤلفاتهم / _cتأليف عبد الملك بن عبد الله بن دهيش. |
| 250 | _aط. 1. | ||
| 260 |
_aبيروت : _bدار الخضر للطباعة والنشر والتوزيع، _c2000 |
||
| 300 |
_a666 ص. ؛ _c24 سم. |
||
| 502 | _aأصل هذا الكتاب أحد الأبحاث التي قدمت لنيل درجة الأستاذية في الشريعة الإسلامية | ||
| 650 | 7 |
_aالفقه الحنبلي _2aucsh |
|
| 650 | 7 |
_aالفقه الإسلامي _xمذاهب _2aucsh |
|
| 942 |
_2ddc _cBOOK _n0 |
||
| 949 |
_aSA-JeALM _d241025 _umohamedma123 _n1 |
||
| 999 |
_c1708 _d1708 |
||